Von PETA kritisierte Videospiele - Statistiken

Allgemein
  • Dieses Quiz wurde 38 mal gespielt
  • Das Durchschnittsergebnis liegt bei 6 aus 12
Antwortstatistiken
Jahr Genre Publisher Plattform Grund Spiel % Korrekt
2025 Fun-Racer Nintendo Switch 2 Ein spielbarer Charakter ist eine Kuh mit einem Nasenring Mario Kart World
97%
2020 Lebenssimulation Nintendo Switch, Switch 2 Man kann in dem Spiel angeln und die dadurch gefangenen Tiere in Aquarien halten bzw. im Museum ausstellen Animal Crossing: New Horizons
73%
2011 Jump ’n’ Run Nintendo 3DS Ein Power-Up sorgt dafür, dass der Charakter des Spielers einen Tanuki-Anzug anzieht Super Mario 3D Land
73%
2008 Ego-Shooter Activision PC, PS3, Xbox 360, Wii Man muss in dem Spiel auch auf Hunde schießen Call of Duty: World at War
58%
1996-2025 RPG Nintendo GameBoy, GameBoy Color, GBA, DS, 3DS, Switch, Switch 2, iOS, Android "Misshandlung" und nicht artgerechte Haltung der Monster in dieser Spielereihe Pokémon
52%
2013 Action-Adventure Ubisoft PC, PS3, PS4, Xbox 360, Xbox One, Wii U, Switch, Stadia Man kann in diesem Spiel Wale mit Harpunen jagen. Assassin's Creed IV: Black Flag
36%
2018 Ego-Shooter Ubisoft PC, PS4, Xbox One, Stadia, Luna Man kann in dem Spiel angeln Far Cry 5
36%
2021 Ego-Shooter Ubisoft PC, PS4, PS5, Xbox One, Xbox X/S, Stadia Das Spiel enthält ein Minispiel, in dem man zwei mit Sporen ausgestattete Hähne gegeneinander kämpfen lässt Far Cry 6
36%
2011 Ego-Shooter EA PC, PS3, Xbox 360 An einer Stelle im Spiel erschreckt sich der Hauptcharakter vor einer Ratte, woraufhin er ihr mit einem Messer in den Rücken sticht und sie wegwirft Battlefield 3
33%
2017 Partyspiel Nintendo Switch In einem Minispiel muss man eine Kuh melken 1-2-Switch
27%
2016 ARPG PC, PS4, Xbox One, Stadia Square Enix Das Spiel enthält ein Angel-Minispiel Final Fantasy XV
24%
2010 Strategiespiel Blizzard PC Kurz vor dem Release der Erweiterung "Heart of the Swarm" erinnerte PETA daran, dass Spieler netter zu den Zergs, einer insektoiden Alien-Spezies, sein sollten StarCraft II: Wings of Liberty
18%
Keine übereinstimmenden Quizze gefunden
Verteilung der Resultate
Anzahl Personen mit jedem Resultat
Perzentil nach korrekt beantworteten Fragen
Ihre Resultats-Entwicklung
Sie haben dieses Quiz noch nicht gespielt